Marvel Characters by Picture - Statistics

General Stats
  • This quiz has been taken 1,389 times
  • The average score is 15 of 16
Answer Stats
Picture Answer % Correct
Hulk
100%
Spider-Man
100%
Thor
100%
Captain America
99%
Iron Man
99%
Ant-Man
96%
Black Panther
96%
Doctor Strange
96%
Groot
96%
Black Widow
95%
Hawkeye
93%
Captain Marvel
92%
Nick Fury
89%
Star-Lord
88%
Falcon
87%
Rocket Racoon
87%
No matching quizzes found
Score Distribution
Percent of People with Each Score
Percentile by Number Answered
Your Score History
You have not taken this quiz